Mahilayo me rajnitik visambandhan ka adhyayan : Ujjain nagar me sarvekshan ke aadhar par (Record no. 16696)

MARC details
000 -LEADER
fixed length control field 00576nam a2200181Ia 4500
082 ## - DEWEY DECIMAL CLASSIFICATION NUMBER
Classification number TS.0873
100 ## - MAIN ENTRY--AUTHOR NAME
Personal name Saxena, Sandhya
245 #0 - TITLE STATEMENT
Title Mahilayo me rajnitik visambandhan ka adhyayan : Ujjain nagar me sarvekshan ke aadhar par
260 ## - PUBLICATION, DISTRIBUTION, ETC. (IMPRINT)
Year of publication 1996
Name of publisher Vikram University
300 ## - PHYSICAL DESCRIPTION
Number of Pages 284p.
650 ## - SUBJECT ADDED ENTRY--TOPICAL TERM
Topical Term WOMEN - POLITICAL ACTIVITY//WOMEN IN POLITICS
650 ## - SUBJECT ADDED ENTRY--TOPICAL TERM
Topical Term INDIA - POLITICS AND GOVERNMENT
650 ## - SUBJECT ADDED ENTRY--TOPICAL TERM
Topical Term WOMEN - SOCIO-ECONOMIC STATUS
650 ## - SUBJECT ADDED ENTRY--TOPICAL TERM
Topical Term WOMEN IN POLITICS
650 ## - SUBJECT ADDED ENTRY--TOPICAL TERM
Topical Term WOMEN - MADHYA PRADESH - UJJAIN
710 ## - ADDED ENTRY--CORPORATE NAME
Corporate name or jurisdiction name as entry element Shrivastava, Rashmi
942 ## - ADDED ENTRY ELEMENTS (KOHA)
Koha item type Thesis
Source of classification or shelving scheme Dewey Decimal Classification
Holdings
Withdrawn status Lost status Damaged status Not for loan Home library Current library Date acquired Bill Date Full call number Accession Number Price effective from Koha item type
        NASSDOC Library NASSDOC Library 08/10/2004 2004-10-05 TS.0873 36685 18/04/2019 Thesis